Statistiques concernant Plus longue frontières internationales

Cliquez ici pour prendre le quiz!

Statistiques générales

  • Ce quiz a été pris 8,380 fois
  • Le résultat moyen est 20 sur 26

Statistiques - réponses

Pays % Correct
Chine
100%
Etats-Unis
99%
Russie
99%
Canada
99%
Inde
95%
Brésil
95%
Mongolie
95%
Mexique
95%
Argentine
94%
Chili
93%
Pakistan
88%
Kazakhstan
87%
Afghanistan
80%
Colombie
80%
Bolivie
78%
Venezuela
77%
Rép dém du Congo
70%
Ouzbékistan
70%
Rép du Congo
69%
Bangladesh
67%
Birmanie
58%
Viêt Nam
51%
Laos
49%
Angola
47%
Mali
47%
Mauritanie
41%

Distribution des résultats

Percentile par nombre de réponses

% des personnes avec chaque résultat

Votre développement - résultats

Vous n’avez pas pris ce quiz